000 00773nam a2200241Ia 4500
003 OSt
005 20220923224008.0
006 a|||||r|||| 00| 0
007 ta
008 Pun
024 _a223,960
037 _cTextual
040 _aARTS
_cARTS
_bPun
041 _2Pun
_aPun
082 _aO153v, K2
100 _aਕੋਹਲੀ, ਡਾ ਸੁਰਿੰਦਰ ਸਿੰਘ
_9167717
245 0 _aਪੰਜਾਬੀ ਸਾਹਿੱਤ (17 1-185 )
260 _aਚੰਡੀਗੜ੍ਰ
_b ਪੰਜਾਬ ਯੁਨੀਵਰਸਿਟੀ
_c1962
300 _a176ਪੰ
_ccm.
650 _aਭੱਜ਼ਾਂਸ਼. ਸਾਂFੲਛ
942 _hO153v, K2
_cTEXL
_2CC
999 _c368591
_d368591